Statistics for Alfred Hitchcock's Oscar Nominations

Click here to take the quiz!

General Stats

  • This quiz has been taken 188 times
  • The average score is 3 of 5

Answer Stats

Year of Film ReleaseAnswer% Correct
1960Psycho
88%
1940Rebecca
78%
1954Rear Window
69%
1945Spellbound
30%
1944Lifeboat
26%

Score Distribution

Percentile by Number Answered

Percent of People with Each Score

Your Score History

You have not taken this quiz